• 首页
  • 本馆介绍
  • 公告通知
  • 最新文献
  • 馆藏检索
  • 电子资源
  • 读者导购
  • 参考咨询
  • 我的图书馆
  • 登录
  • 详细信息显示
  • 放入我的书架
  • 预约/预借图书
  • 作者相关作品
  • 分类相关作品
  • 丛书相关作品
  • 出版社相关作品

书目信息

  • 表格格式
  • 工作单格式
  • 卡片格式
书名: Geography
作者: H.J. de Blij, Peter O. Muller.
分册号:
分册名:
出版地: New York :
 
出版社: J. Wiley & Sons
出版时间: c2002.
页数: xxv, 563 p. :
开本: 28 cm.
丛书名:
中图分类号:
科图分类号:
其他分类号: K91-62
主题词:
电子资源:
000 00654nam 22000229i 450
001 0202041899
005 20070313092018.76
008 010913m2002 u y ab b 001 0
020    @a0471407755 (hc.) :@cUSD68.75.
041    @aeng
050    @aG128@b.D42 2002
082 04 @a910@221
090    @aK91-62
099    @dK91-62@ex9
100 1  @aDe Blij@cHarm J.
245 10 @aGeography / @cH.J. de Blij, Peter O. Muller.
250    @a10th ed.
260 1  @aNew York :@bJ. Wiley & Sons,@cc2002.
300    @axxv, 563 p. :@bcol. ill., col. maps ;@c28 cm.
504    @aIncludes bibliographical references.
650  4 @aGeography
700 1  @aMuller@cPeter O.
    
    Geography / / H.J. de Blij, Peter O. Muller.-10th ed.-New York : : J. Wiley & Sons, , c2002.
    xxv, 563 p. : : col. ill., col. maps ; ; 28 cm.
    Includes bibliographical references.
    
    ISBN 0471407755 (hc.) :USD68.75.
    
●
相关链接 在E读中查询图书 在五车中查询图书 在当当中查询图书 在豆瓣中查询图书


正题名:Geography     索取号:K91-62/x9         预约/预借

序号 登录号 条形码 馆藏地/架位号 状态 备注
1 0001609   300016097   第二样本阅览室/ [索取号:K91-62/x9] 在馆    
2 0001610   300016104   第四借阅区/ [索取号:K91-62/x9] 在馆    
唐山师范学院图书馆 欢迎您!
大连网信软件有限公司© 版权所有